000 01071nam a2200301 a 4500
001 BRL_1308
005 20190320211135.0
008 030114c1962----mx-aob####---#000-0#spa-#
041 _aspa
044 _amx
050 4 _aF3429
_b.M37 1962
100 1 _aMason, John Alden
_d1885-1967
_926454
245 1 0 _aLas antiguas culturas del Perú
_cJ. Alden Mason ; traducción de Margarita Villegas de Robles ; revisada por Lauro José Zavala.
260 _aMéxico
_bFondo de Cultura Económica
_c1962
300 _a316 p.
_bil., láminas, mapas
_c24 cm.
440 0 _aSección de obras de antropología
_926455
500 _aAu1537
500 _aIncluye índide de láminas, figuras y mapas
500 _aTraducción de: The ancient civilizations of Peru.
504 _aBibliografía: p. 265-287
650 1 4 _aArte indígena
_zPerú
_92717
651 4 _aPerú
_xCivilización
_926456
651 4 _aPerú
_xAntigüedades
_919276
700 1 _aVillegas de Robles, Margarita
_etr.
_926457
700 1 _aZavala, Lauro José
_etr.
_926458
902 _aGRL
942 _2lcc
_cB
999 _c10120
_d10120